Library Logo

Pioneer International University Library Catalogue

We'll meet again / (Record no. 2642)

MARC details
000 -LEADER
fixed length control field 00467cam a2200169 a 4500
005 - DATE AND TIME OF LATEST TRANSACTION
control field 20250901165344.0
008 - FIXED-LENGTH DATA ELEMENTS--GENERAL INFORMATION
fixed length control field 990219s1999 nyu 000 1 eng
010 ## - LIBRARY OF CONGRESS CONTROL NUMBER
LC control number 99020134
020 ## - INTERNATIONAL STANDARD BOOK NUMBER
International Standard Book Number 0684835975
050 00 - LIBRARY OF CONGRESS CALL NUMBER
Classification number PS3553.L287 .C53 1999
Item number W46 1999
082 00 - DEWEY DECIMAL CLASSIFICATION NUMBER
Classification number 813/.54
Edition information 21
100 1# - MAIN ENTRY--PERSONAL NAME
Personal name Clark, Mary Higgins.
245 10 - TITLE STATEMENT
Title We'll meet again /
Statement of responsibility, etc. Mary Higgins Clark.
260 ## - PUBLICATION, DISTRIBUTION, ETC.
Place of publication, distribution, etc. New York :
Name of publisher, distributor, etc. Simon & Schuster,
Date of publication, distribution, etc. c1999.
300 ## - PHYSICAL DESCRIPTION
Extent 314 p. ;
Dimensions 25 cm.
942 ## - ADDED ENTRY ELEMENTS (KOHA)
Source of classification or shelving scheme Library of Congress Classification
Holdings
Withdrawn status Lost status Source of classification or shelving scheme Damaged status Not for loan Home library Current library Shelving location Date acquired Total checkouts Full call number Barcode Date last seen Price effective from Koha item type
    Library of Congress Classification     Main Library Main Library   03/16/2021   PS3553.L287 .C53 1999 PIU0010155 03/16/2021 03/16/2021 Books